En torno a la ciencia (Record no. 207309)

MARC details
000 -CABECERA
campo de control de longitud fija 00625nam a2200241 a 4500
003 - IDENTIFICADOR DEL NÚMERO DE CONTROL
campo de control MX-MxUPN
005 - FECHA Y HORA DE LA ÚLTIMA TRANSACCIÓN
campo de control 20260109063953.0
008 - ELEMENTOS DE LONGITUD FIJA--INFORMACIÓN GENERAL
campo de control de longitud fija 200130s1994 sp r 000 0 spa d
020 ## - NÚMERO INTERNACIONAL NORMALIZADO PARA LIBROS
Número Internacional Estándar del Libro 8430924914
035 ## - NÚMERO DE CONTROL DEL SISTEMA
Número de control de sistema UPN01000235214
040 ## - FUENTE DE LA CATALOGACIÓN
Centro catalogador/agencia de origen MX-MxUPN
Lengua de catalogación spa
Centro/agencia transcriptor MX-MxUPN
041 0# - CÓDIGO DE IDIOMA
Código de lengua del texto/banda sonora o título independiente spa
050 14 - SIGNATURA TOPOGRÁFICA DE LA BIBLIOTECA DEL CONGRESO
Número de clasificación Q181
Número de documento/Ítem T74 1994
100 1# - ASIENTO PRINCIPAL--NOMBRE PERSONAL
Nombre de persona Trevijano, Manuel,
Fechas asociadas al nombre 1930-2000
9 (RLIN) 47080
245 10 - MENCIÓN DE TÍTULO
Título En torno a la ciencia
260 ## - PUBLICACIÓN, DISTRIBUCIÓN, ETC.
Lugar de publicación, distribución, etc. Madrid :
Nombre del editor, distribuidor, etc. Tecnos,
Fecha de publicación, distribución, etc. 1994.
300 ## - DESCRIPCIÓN FÍSICA
Extensión 262 páginas
490 0# - MENCIÓN DE SERIE
Mención de serie Filosofía y ensayo
650 #4 - ASIENTO SECUNDARIO DE MATERIA - TERMINO TEMATICO
Término de materia o nombre geográfico como elemento de entrada Ciencia
9 (RLIN) 7469
902 ## - ELEMENTOS DE DATOS B LOCAL, LDB (RLIN)
Creó Víctor Ruiz/131022
942 ## - ELEMENTOS DE PUNTO DE ACCESO ADICIONAL (KOHA)
Fuente del sistema de clasificación o colocación Library of Congress Classification
Tipo de ítem Koha Libro
Holdings
Estado de retiro Estado de pérdida Fuente del sistema de clasificación o colocación Estado dañado No para préstamo Código de colección Localización permanente Ubicación/localización actual Ubicación en estantería Fecha de adquisición Clasificación Código de barras Fecha visto por última vez Tipo de ítem Koha
    Library of Congress Classification     Colección General Bib. Gregorio Torres Quintero Bib. Gregorio Torres Quintero Planta baja 13/10/2022 Q181 T74 1994 334421 31/12/2020 Libro